01055 2200301 4500001002100000005001500021035002000036007000300056008004100059040002200100082002000122084002000142090002200162245012600184300002400310650003600334850001200370110005000382710005000432264004600482336002100528337003000549338002300579246009900602990002000701990001200721990002000733INLIS00000000086500220210927034612 a0010-0921000752ta210927s1951 jki g f 0 0 ind d aYOPDYOGbinderda04223a352.2409598 a352.2409598 MEN aL 352.2409598 MEN00aMenudju kemakmuran rakjat lewat keamanan :bketerangan pemerintah atas program Kabinet Soekiman /cKementerian Penerangan a36 halaman ;c17 cm 4aKabinet Pemerintah--zIndonesia aYOPDYOG2 aKementerian PeneranganeBadan Penanggungjawab aKementerian PeneranganeBadan Penanggungjawab31aDjakarta :bKementerian Penerangan,c1951 2rdacontentateks 2rdamediaatanpa perantara 2rdacarrieravolume aMenuju kemakmuran rakyat lewat keamanan :bketerangan pemerintah atas program Kabinet Soekiman a68352-PD/A.2021 a39465-A a68352-PD/A.2021